[Event "WchT Seniors 65"]
[Site "Struga"]
[Date "2023.09.19"]
[Round "1.4"]
[White "Wihlborn, Bengt"]
[Black "Vinke, Dietmar"]
[Result "0-1"]
[WhiteElo "1791"]
[BlackElo "2081"]
[PlyCount "92"]
[EventDate "2023.09.19"]
[EventType "team-swiss"]
[EventRounds "9"]
[EventCountry "MKD"]
[SourceTitle "EXT 2024"]
[Source "ChessBase"]
[SourceDate "2023.10.10"]
[SourceVersion "1"]
[SourceVersionDate "2023.10.10"]
[SourceQuality "1"]
[WhiteTeam "Sweden 65"]
[BlackTeam "Finland 65"]
[WhiteTeamCountry "SWE"]
[BlackTeamCountry "FIN"]

1. Nf3 Nf6 2. c4 g6 3. d4 Bg7 4. g3 0-0 5. Bg2 d6 6. 0-0 Nbd7 7. Nc3 e5 8. e3 Re8 9. b3 h6 10. Bb2 c6 11. h3 Qc7 12. Rc1 Nf8 13. c5 exd4 14. cxd6 Qxd6 15. Nxd4 Bd7 16. Qe2 Rad8 17. Rfd1 Qe7 18. Nb1 Ne4 19. Nf3 Bc8 20. Bxg7 Kxg7 21. Nbd2 Nxd2 22. Nxd2 Ne6 23. Ne4 Ng5 24. Qb2+ f6 25. Nxg5 hxg5 26. Rd4 Qe5 27. Rcd1 Rxd4 28. Qxd4 Qxd4 29. Rxd4 Rh8 30. a3 Kf7 31. b4 Ke7 32. Re4+ Be6 33. g4 Rd8 34. b5 Rd1+ 35. Kh2 cxb5 36. Rb4 b6 37. Rxb5 Ra1 38. Be4 Bf7 39. f4 gxf4 40. exf4 Rxa3 41. f5 g5 42. Rb4 Rc3 43. Bb7 Bc4 44. Bc6 Kd6 45. Ba4 Kc5 46. Rb1 b5 0-1

[Event "WchT Seniors 65"]
[Site "Prague"]
[Date "2020.03.09"]
[Round "4.13"]
[White "Wihlborn, Bengt"]
[Black "Levy, David Neil Lawrence"]
[Result "1/2-1/2"]
[WhiteElo "1859"]
[BlackElo "2310"]
[PlyCount "43"]
[EventDate "2020.03.06"]
[EventType "team-swiss"]
[EventRounds "7"]
[EventCountry "CZE"]
[SourceTitle "CBM 195 Extra"]
[Source "ChessBase"]
[SourceDate "2020.05.31"]
[SourceVersion "1"]
[SourceVersionDate "2020.05.31"]
[SourceQuality "1"]
[WhiteTeam "Sweden 65 II"]
[BlackTeam "Scotland 65"]
[WhiteTeamCountry "SWE"]
[BlackTeamCountry "SCO"]

1. Nf3 c5 2. c4 Nf6 3. Nc3 g6 4. g3 Bg7 5. Bg2 0-0 6. d4 cxd4 7. Nxd4 Nc6 8. 0-0 Ng4 9. e3 Nge5 10. Qe2 d6 11. Rd1 Bg4 12. f3 Bd7 13. b3 Qc8 14. Bb2 Re8 15. Ne4 b6 16. Nf2 Rb8 17. h3 a6 18. f4 Nxd4 19. Bxd4 Nc6 20. Bxg7 Kxg7 21. Kh2 Nd8 22. Rac1 1/2-1/2

[Event "WchT Seniors 65"]
[Site "Rhodes"]
[Date "2019.04.21"]
[Round "6.11"]
[White "Wihlborn, Bengt"]
[Black "Thornton, John D"]
[Result "1/2-1/2"]
[WhiteElo "1820"]
[BlackElo "2061"]
[PlyCount "42"]
[EventDate "2019.04.16"]
[EventType "team-swiss"]
[EventRounds "9"]
[EventCountry "GRE"]
[SourceTitle "CBM 190 Extra"]
[Source "ChessBase"]
[SourceDate "2019.07.15"]
[SourceVersion "1"]
[SourceVersionDate "2019.07.15"]
[SourceQuality "1"]
[WhiteTeam "Sweden IV"]
[BlackTeam "Wales"]
[WhiteTeamCountry "SWE"]
[BlackTeamCountry "WLS"]

1. Nf3 d5 2. c4 e6 3. e3 c5 4. cxd5 exd5 5. d4 Nf6 6. Be2 Nc6 7. 0-0 Be7 8. b3 0-0 9. Bb2 Re8 10. Nc3 Bg4 11. dxc5 Bxc5 12. Rc1 Bf8 13. Nb5 Ne4 14. Nbd4 Rc8 15. Rc2 Nb4 16. Rxc8 Bxc8 17. a3 Nc6 18. b4 a5 19. b5 Nxd4 20. Qxd4 Be6 21. Rd1 Nd6 1/2-1/2

[Event "Vaxjo op"]
[Site "Vaxjo"]
[Date "2015.02.14"]
[Round "5"]
[White "Wihlborn, Bengt"]
[Black "Svensson, Bo Anders"]
[Result "0-1"]
[WhiteElo "1860"]
[BlackElo "2242"]
[PlyCount "64"]
[EventDate "2015.02.13"]
[EventType "swiss"]
[EventRounds "8"]
[EventCountry "SWE"]
[SourceTitle "CBM 164 Extra"]
[Source "ChessBase"]
[SourceDate "2015.03.02"]
[SourceVersion "1"]
[SourceVersionDate "2015.03.02"]
[SourceQuality "1"]

1. Nf3 d5 2. c4 c6 3. e3 Nf6 4. b3 Bg4 5. Bb2 e6 6. Be2 Nbd7 7. 0-0 Bd6 8. d4 a5 9. Nc3 0-0 10. Rc1 Qe7 11. Na4 Ne4 12. Ne5 Bxe2 13. Qxe2 Nxe5 14. dxe5 Bb4 15. f3 Nc5 16. cxd5 exd5 17. Nxc5 Bxc5 18. Bd4 Bxd4 19. exd4 a4 20. Rb1 axb3 21. Rxb3 Ra4 22. Qb2 b5 23. Rc1 Rc4 24. a4 Rxc1+ 25. Qxc1 bxa4 26. Rb6 Qa7 27. Qxc6 a3 28. Ra6 Qxd4+ 29. Kf1 Qxe5 30. Ra8 Qa1+ 31. Kf2 Qb2+ 32. Kg3 g6 0-1

[Event "Deltalift op"]
[Site "Halmstad"]
[Date "2014.05.29"]
[Round "1"]
[White "Wihlborn, Bengt"]
[Black "Ziegler, Ari"]
[Result "0-1"]
[WhiteElo "1834"]
[BlackElo "2330"]
[PlyCount "60"]
[EventDate "2014.03.29"]
[EventType "swiss"]
[EventRounds "8"]
[EventCountry "SWE"]
[SourceTitle "EXT 2015"]
[Source "ChessBase"]
[SourceDate "2014.11.20"]
[SourceVersion "1"]
[SourceVersionDate "2014.11.20"]
[SourceQuality "1"]

1. Nf3 Nf6 2. c4 g6 3. Nc3 Bg7 4. d4 d6 5. g3 0-0 6. Bg2 Nc6 7. d5 Na5 8. Nd2 c5 9. 0-0 a6 10. Qc2 Rb8 11. b3 b5 12. Bb2 Bh6 13. f4 bxc4 14. bxc4 Ng4 15. Nd1 Rxb2 16. Qxb2 Bg7 17. Qc1 Bd4+ 18. Kh1 e5 19. Rb1 exf4 20. gxf4 Nxh2 21. e3 Nxf1 22. Nxf1 Bg7 23. Nf2 Bf5 24. Be4 Qh4+ 25. Kg1 Re8 26. Qc2 Kh8 27. Rb6 h5 28. Bxf5 gxf5 29. Qxf5 Rg8 30. Qh3 Bh6+ 0-1

[Event "Stockholm All Saints op"]
[Site "Stockholm"]
[Date "2013.11.02"]
[Round "6"]
[White "Wihlborn, Bengt"]
[Black "Kostlan, Jan"]
[Result "0-1"]
[WhiteElo "1835"]
[BlackElo "1966"]
[PlyCount "74"]
[EventDate "2013.10.31"]
[EventType "swiss"]
[EventRounds "7"]
[EventCountry "SWE"]
[SourceTitle "EXT 2014"]
[Source "ChessBase"]
[SourceDate "2013.11.20"]
[SourceVersion "1"]
[SourceVersionDate "2013.11.20"]
[SourceQuality "1"]

1. Nf3 d5 2. c4 c6 3. e3 e6 4. Nc3 Nf6 5. d4 Bd6 6. Bd3 dxc4 7. Bxc4 Nbd7 8. 0-0 b6 9. e4 Bc7 10. Qe2 h6 11. h3 Qe7 12. Be3 a5 13. Rac1 b5 14. Bd3 Bb7 15. Rfd1 0-0 16. Bb1 Nb6 17. e5 Nfd5 18. Qd3 f5 19. exf6 Nxf6 20. Ne4 Nbd5 21. Ne5 Nb4 22. Nxf6+ gxf6 23. Qg6+ Qg7 24. Nd7 Rf7 25. Nc5 Qxg6 26. Bxg6 Rg7 27. Bb1 Bc8 28. Bxh6 Re7 29. a3 Nd5 30. Ba2 Rh7 31. Be3 f5 32. Bxd5 cxd5 33. Nd3 Ra7 34. Bf4 Ba6 35. Rc6 b4 36. Rxe6 Bxd3 37. Bxc7 Bc2 0-1

[Event "Stockholm All Saints op"]
[Site "Stockholm"]
[Date "2013.11.01"]
[Round "4"]
[White "Wihlborn, Bengt"]
[Black "Duenas, Alexis"]
[Result "0-1"]
[WhiteElo "1835"]
[BlackElo "1901"]
[PlyCount "46"]
[EventDate "2013.10.31"]
[EventType "swiss"]
[EventRounds "7"]
[EventCountry "SWE"]
[SourceTitle "EXT 2014"]
[Source "ChessBase"]
[SourceDate "2013.11.20"]
[SourceVersion "1"]
[SourceVersionDate "2013.11.20"]
[SourceQuality "1"]

1. Nf3 d5 2. c4 e6 3. d4 Nf6 4. Nc3 Be7 5. e3 0-0 6. Qc2 c5 7. Bd3 Nc6 8. a3 dxc4 9. Bxc4 cxd4 10. exd4 Nxd4 11. Nxd4 Qxd4 12. Be2 Bd7 13. Be3 Qe5 14. Bf3 Nd5 15. Nxd5 exd5 16. Rd1 Be6 17. 0-0 Rfc8 18. Qa4 a6 19. Rfe1 b5 20. Qa5 Qxb2 21. Bxd5 Bxd5 22. Rxd5 Qxa3 23. Qd2 Bb4 0-1

[Event "Nordic-ch Seniors"]
[Site "Bornholm"]
[Date "2013.09.16"]
[Round "9"]
[White "Wihlborn, Bengt"]
[Black "Hvenekilde, Jorgen"]
[Result "1/2-1/2"]
[WhiteElo "1811"]
[BlackElo "2120"]
[PlyCount "29"]
[EventDate "2013.09.07"]
[EventType "swiss"]
[EventRounds "9"]
[EventCountry "DEN"]
[SourceTitle "CBM 156 Extra"]
[Source "ChessBase"]
[SourceDate "2013.10.22"]
[SourceVersion "1"]
[SourceVersionDate "2013.10.22"]
[SourceQuality "1"]

1. Nf3 g6 2. c4 Bg7 3. d4 d6 4. g3 Nf6 5. Bg2 0-0 6. 0-0 Nc6 7. d5 Na5 8. Nfd2 c6 9. Nc3 cxd5 10. cxd5 Bd7 11. b3 b5 12. Bb2 Rc8 13. e4 b4 14. Ne2 Nb7 15. Rc1 1/2-1/2

[Event "Nordic-ch Seniors"]
[Site "Bornholm"]
[Date "2013.09.14"]
[Round "7"]
[White "Wihlborn, Bengt"]
[Black "Christiansen, Niels Jorgen"]
[Result "1-0"]
[WhiteElo "1811"]
[BlackElo "1669"]
[PlyCount "57"]
[EventDate "2013.09.07"]
[EventType "swiss"]
[EventRounds "9"]
[EventCountry "DEN"]
[SourceTitle "CBM 156 Extra"]
[Source "ChessBase"]
[SourceDate "2013.10.22"]
[SourceVersion "1"]
[SourceVersionDate "2013.10.22"]
[SourceQuality "1"]

1. Nf3 d5 2. c4 e6 3. d4 Nf6 4. Nc3 Nbd7 5. e3 c5 6. cxd5 exd5 7. Ne5 cxd4 8. exd4 Bb4 9. Bd2 0-0 10. Bd3 Re8 11. f4 Nxe5 12. fxe5 Bg4 13. Qc2 Bxc3 14. bxc3 g6 15. Bg5 Qb6 16. Rb1 Qe6 17. h3 Bf5 18. Bxf5 gxf5 19. Bxf6 Qxf6 20. 0-0 Qh6 21. Rxb7 Qe3+ 22. Kh1 f4 23. Qf5 Rf8 24. Qg5+ Kh8 25. Qf6+ Kg8 26. Rxf4 Qd3 27. Rg4+ Qg6 28. Rxg6+ fxg6 29. Qe6+ 1-0

[Event "Nordic-ch Seniors"]
[Site "Bornholm"]
[Date "2013.09.10"]
[Round "4"]
[White "Wihlborn, Bengt"]
[Black "Karason, Askell Orn"]
[Result "0-1"]
[WhiteElo "1811"]
[BlackElo "2205"]
[PlyCount "36"]
[EventDate "2013.09.07"]
[EventType "swiss"]
[EventRounds "9"]
[EventCountry "DEN"]
[SourceTitle "CBM 156 Extra"]
[Source "ChessBase"]
[SourceDate "2013.10.22"]
[SourceVersion "1"]
[SourceVersionDate "2013.10.22"]
[SourceQuality "1"]

1. Nf3 c5 2. c4 Nf6 3. g3 b6 4. Bg2 Bb7 5. Nc3 g6 6. 0-0 Bg7 7. d4 cxd4 8. Qxd4 d6 9. Bg5 Nbd7 10. Rad1 0-0 11. Qh4 Rc8 12. Bh6 Bxh6 13. Qxh6 Rxc4 14. Nh4 Qa8 15. Bxb7 Qxb7 16. Ng2 b5 17. Ne3 Rc5 18. Rd4 Rh5 0-1

[Event "Gibraltar Challengers-B 10th"]
[Site "Caleta"]
[Date "2012.01.30"]
[Round "3"]
[White "Wihlborn, Bengt"]
[Black "Erdelyi, Tamas"]
[Result "1-0"]
[WhiteElo "1866"]
[BlackElo "2157"]
[PlyCount "61"]
[EventDate "2012.01.28"]
[EventType "swiss"]
[EventRounds "5"]
[EventCountry "GGB"]
[SourceTitle "CBM 146 Extra"]
[Source "ChessBase"]
[SourceDate "2012.02.29"]
[SourceVersion "1"]
[SourceVersionDate "2012.02.29"]
[SourceQuality "1"]

1. Nf3 c5 2. c4 b6 3. g3 Bb7 4. Bg2 Nf6 5. d4 cxd4 6. Qxd4 d6 7. Nc3 a6 8. 0-0 Nbd7 9. Bg5 e6 10. Rac1 Qc7 11. Rfd1 Be7 12. b3 0-0 13. h3 Rad8 14. Ne1 Bxg2 15. Nxg2 Qb7 16. Qh4 h6 17. Bxf6 Nxf6 18. Ne3 Rc8 19. a4 Rc7 20. Rd3 Rfc8 21. Rcd1 Kf8 22. Ng2 d5 23. Ne3 Ne4 24. Qg4 Nc5 25. Ncxd5 exd5 26. Rxd5 Ne6 27. Nf5 Re8 28. h4 Qb8 29. Qh5 Qc8 30. Nxh6 gxh6 31. Qxh6+ 1-0

[Event "Gibraltar Challengers-A 10th"]
[Site "Caleta"]
[Date "2012.01.25"]
[Round "3"]
[White "Nwachukwu, Chino"]
[Black "Wihlborn, Bengt"]
[Result "1-0"]
[WhiteElo "1926"]
[BlackElo "1866"]
[PlyCount "85"]
[EventDate "2012.01.23"]
[EventType "swiss"]
[EventRounds "5"]
[EventCountry "GGB"]
[SourceTitle "CBM 146 Extra"]
[Source "ChessBase"]
[SourceDate "2012.02.29"]
[SourceVersion "1"]
[SourceVersionDate "2012.02.29"]
[SourceQuality "1"]

1. e4 c5 2. Nf3 e6 3. Nc3 a6 4. a3 Qc7 5. d4 cxd4 6. Nxd4 b5 7. Bd3 Bb7 8. 0-0 Nf6 9. Kh1 Be7 10. f4 d6 11. Qe1 0-0 12. Qg3 Rd8 13. Nf3 Nbd7 14. e5 Ne8 15. Qh3 Nf8 16. f5 dxe5 17. fxe6 f6 18. Ng5 fxg5 19. Rxf8+ Kxf8 20. Qxh7 Bf6 21. Be3 Qd6 22. Bf5 Ke7 23. Qg6 Qxe6 24. Bxe6 Kxe6 25. Bxg5 Rd4 26. Be3 Rh4 27. Rd1 Nd6 28. Kg1 Rah8 29. h3 Nf5 30. Bg5 Ne7 31. Qd3 Rd4 32. Qg3 Nf5 33. Qf2 Bxg5 34. Re1 Bh4 35. Qe2 Bxe1 36. Qxe1 Rhd8 37. Qf2 Rd2 38. Qb6+ Nd6 39. Qxd8 Rxg2+ 40. Kf1 Rxc2 41. Qg8+ Nf7 42. Nd1 g5 43. Qg6+ 1-0

[Event "Gibraltar Challengers-A 10th"]
[Site "Caleta"]
[Date "2012.01.23"]
[Round "1"]
[White "Kandic, Milan"]
[Black "Wihlborn, Bengt"]
[Result "1-0"]
[WhiteElo "2131"]
[BlackElo "1866"]
[PlyCount "93"]
[EventDate "2012.01.23"]
[EventType "swiss"]
[EventRounds "5"]
[EventCountry "GGB"]
[SourceTitle "CBM 146 Extra"]
[Source "ChessBase"]
[SourceDate "2012.02.29"]
[SourceVersion "1"]
[SourceVersionDate "2012.02.29"]
[SourceQuality "1"]

1. e4 c5 2. Nf3 e6 3. d3 d5 4. e5 Nc6 5. Qe2 Nd4 6. Nxd4 cxd4 7. Nd2 Qb6 8. g3 Bd7 9. Nb3 Bb4+ 10. Bd2 Rc8 11. Bxb4 Qxb4+ 12. Qd2 Qb6 13. Rc1 Ne7 14. c3 Nc6 15. cxd4 0-0 16. Nc5 Rfd8 17. Qc3 Be8 18. Be2 Qb4 19. Qxb4 Nxb4 20. 0-0 b6 21. Nb7 Rxc1 22. Rxc1 Rb8 23. Nd6 Nxa2 24. Ra1 Nb4 25. Rxa7 Nc6 26. Rc7 Nxd4 27. Kf1 f6 28. exf6 gxf6 29. Rc8 Rxc8 30. Nxc8 b5 31. Ke1 Bd7 32. Nd6 Bc6 33. f4 Kf8 34. Nc8 Ke8 35. g4 Kd7 36. Na7 Bb7 37. g5 fxg5 38. fxg5 Kc7 39. h4 Kb6 40. Bg4 Kxa7 41. h5 Bc6 42. g6 hxg6 43. h6 Nc2+ 44. Kd2 Ne3 45. Kxe3 d4+ 46. Kxd4 e5+ 47. Kxe5 1-0

[Event "Rilton Cup 40th"]
[Site "Stockholm"]
[Date "2011.01.04"]
[Round "8"]
[White "Wihlborn, Bengt"]
[Black "Palmblad, Jan Peter"]
[Result "0-1"]
[WhiteElo "1895"]
[BlackElo "2135"]
[PlyCount "54"]
[EventDate "2010.12.27"]
[EventType "swiss"]
[EventRounds "9"]
[EventCountry "SWE"]
[SourceTitle "CBM 140 Extra"]
[Source "ChessBase"]
[SourceDate "2011.03.01"]
[SourceVersion "1"]
[SourceVersionDate "2011.03.01"]
[SourceQuality "1"]

1. Nf3 c5 2. c4 Nc6 3. g3 g6 4. Bg2 Bg7 5. 0-0 e6 6. e3 d5 7. cxd5 exd5 8. d4 cxd4 9. Nxd4 Nge7 10. Nc3 0-0 11. Nce2 Re8 12. b3 Bg4 13. Bb2 Nxd4 14. Bxd4 Bxd4 15. exd4 Nf5 16. Re1 Qf6 17. Rc1 Rxe2 18. Rxe2 Nxd4 19. f3 Nxe2+ 20. Qxe2 Bd7 21. h4 h5 22. Kh2 Re8 23. Qf2 Bc6 24. Rd1 a6 25. Rd4 Re2 26. Qg1 Qxf3 27. Rf4 Qe3 0-1

[Event "Rilton Cup 40th"]
[Site "Stockholm"]
[Date "2010.12.28"]
[Round "2"]
[White "Wihlborn, Bengt"]
[Black "Czarnota, Dorota"]
[Result "1/2-1/2"]
[WhiteElo "1895"]
[BlackElo "2229"]
[PlyCount "45"]
[EventDate "2010.12.27"]
[EventType "swiss"]
[EventRounds "9"]
[EventCountry "SWE"]
[SourceTitle "CBM 140 Extra"]
[Source "ChessBase"]
[SourceDate "2011.03.01"]
[SourceVersion "1"]
[SourceVersionDate "2011.03.01"]
[SourceQuality "1"]

1. Nf3 d5 2. c4 c6 3. b3 Nf6 4. e3 Bf5 5. Bb2 e6 6. Be2 h6 7. 0-0 Nbd7 8. d4 Be7 9. Nc3 0-0 10. h3 a5 11. Rc1 Qb6 12. Na4 Qa7 13. Ne5 Nxe5 14. dxe5 Nd7 15. Bd4 Qb8 16. f4 Ba3 17. Bb2 Bxb2 18. Nxb2 Qa7 19. Qd4 Rfc8 20. Qxa7 Rxa7 21. c5 b5 22. Bd3 Bxd3 23. Nxd3 1/2-1/2

[Event "Rilton Cup 40th"]
[Site "Stockholm"]
[Date "2010.12.27"]
[Round "1"]
[White "Smith, Axel"]
[Black "Wihlborn, Bengt"]
[Result "1-0"]
[WhiteElo "2448"]
[BlackElo "1895"]
[PlyCount "67"]
[EventDate "2010.12.27"]
[EventType "swiss"]
[EventRounds "9"]
[EventCountry "SWE"]
[SourceTitle "CBM 140 Extra"]
[Source "ChessBase"]
[SourceDate "2011.03.01"]
[SourceVersion "1"]
[SourceVersionDate "2011.03.01"]
[SourceQuality "1"]

1. d4 Nf6 2. Nf3 e6 3. c4 b6 4. g3 Bb7 5. Bg2 c5 6. d5 d6 7. Nc3 e5 8. 0-0 Be7 9. e4 0-0 10. Ne1 Nbd7 11. Nd3 Re8 12. f4 Bf8 13. Qf3 h6 14. Bd2 a6 15. a4 Bc8 16. Rf2 Ra7 17. Raf1 Be7 18. h3 Rf8 19. h4 h5 20. Bh3 Qc7 21. f5 Re8 22. Bg5 Qd8 23. Rg2 b5 24. axb5 axb5 25. Nxb5 Ra2 26. Na3 Qb6 27. Qd1 Nxe4 28. Bxe7 Rxe7 29. g4 Re8 30. g5 Nf8 31. Qe1 Nc3 32. Qxc3 e4 33. Nf4 Re5 34. Nxh5 1-0

[Event "Gothenburg Manhem-B"]
[Site "Gothenburg"]
[Date "2010.08.18"]
[Round "9"]
[White "Wihlborn, Bengt"]
[Black "Berggren Torell, Harald"]
[Result "1/2-1/2"]
[WhiteElo "1899"]
[BlackElo "1927"]
[PlyCount "49"]
[EventDate "2010.08.10"]
[EventType "tourn"]
[EventRounds "9"]
[EventCountry "SWE"]
[SourceTitle "CBM 137 Extra"]
[Source "ChessBase"]
[SourceDate "2010.09.01"]
[SourceVersion "1"]
[SourceVersionDate "2010.09.01"]
[SourceQuality "1"]

1. Nf3 d6 2. d4 g6 3. c4 f5 4. g3 Nf6 5. Bg2 Bg7 6. 0-0 0-0 7. Nc3 Qe8 8. Re1 Qf7 9. d5 h6 10. Rb1 a5 11. b3 Na6 12. Bb2 Bd7 13. e3 Nc5 14. Nd4 Rac8 15. Qe2 Nfe4 16. Rbc1 c6 17. Red1 Nxc3 18. Bxc3 Ne4 19. Bxa5 cxd5 20. cxd5 Qxd5 21. Rxc8 Rxc8 22. Be1 Qc5 23. Bf1 Nc3 24. Bxc3 Qxc3 25. Nb5 1/2-1/2

[Event "Gothenburg Manhem-B"]
[Site "Gothenburg"]
[Date "2010.08.13"]
[Round "4"]
[White "Nemeth, Sebastian"]
[Black "Wihlborn, Bengt"]
[Result "1-0"]
[WhiteElo "2111"]
[BlackElo "1899"]
[PlyCount "135"]
[EventDate "2010.08.10"]
[EventType "tourn"]
[EventRounds "9"]
[EventCountry "SWE"]
[SourceTitle "CBM 137 Extra"]
[Source "ChessBase"]
[SourceDate "2010.09.01"]
[SourceVersion "1"]
[SourceVersionDate "2010.09.01"]
[SourceQuality "1"]

1. e4 c5 2. Nf3 e6 3. d4 cxd4 4. Nxd4 a6 5. Be3 Nf6 6. Bd3 Qc7 7. 0-0 d5 8. exd5 Nxd5 9. Bd2 Bd6 10. Qh5 Nf6 11. Qh4 Nbd7 12. Nc3 0-0 13. Ne4 Nxe4 14. Bxe4 Nf6 15. Bd3 h6 16. Bxh6 gxh6 17. Qxf6 Bxh2+ 18. Kh1 Qf4 19. Qe7 Qxd4 20. Kxh2 Qd8 21. Qb4 Qg5 22. Rae1 a5 23. Qa4 Rd8 24. Re3 Kf8 25. Qa3+ Qe7 26. Qc3 Qd6+ 27. Kg1 Qd4 28. Qd2 Qf4 29. Qe2 Bd7 30. Rf3 Qg5 31. Rg3 Qf6 32. Qe3 Rac8 33. Rh3 Qg5 34. Rxh6 Qxe3 35. fxe3 Ke7 36. Rh7 Rf8 37. Kf2 Rc5 38. Ke2 Rg5 39. Rf2 Bc6 40. e4 b5 41. Ke3 Be8 42. Be2 Rfg8 43. g4 Rc5 44. c3 Kd6 45. Rf1 Rc7 46. Rd1+ Ke7 47. Kf4 b4 48. c4 a4 49. b3 axb3 50. axb3 Ra7 51. Rd2 Ra1 52. Bd1 Bc6 53. g5 e5+ 54. Kxe5 Rxg5+ 55. Kf4 Rg1 56. Be2 Ra3 57. c5 Be8 58. Bc4 Ra5 59. Rd5 Rg8 60. e5 Ra2 61. e6 Rf2+ 62. Ke3 Rf6 63. exf7 Rg3+ 64. Kd2 Rg2+ 65. Kc1 Bxf7 66. c6 Rg1+ 67. Rd1 Rg5 68. Rd7+ 1-0

[Event "Politiken Cup 31st"]
[Site "Helsingor"]
[Date "2009.07.18"]
[Round "1"]
[White "Thorfinnsson, Bragi"]
[Black "Wihlborn, Bengt"]
[Result "1-0"]
[WhiteElo "2377"]
[BlackElo "1939"]
[PlyCount "41"]
[EventDate "2009.07.18"]
[EventType "swiss"]
[EventRounds "10"]
[EventCountry "DEN"]
[SourceTitle "CBM 131 Extra"]
[Source "ChessBase"]
[SourceDate "2009.09.03"]
[SourceVersion "2"]
[SourceVersionDate "2009.09.16"]
[SourceQuality "1"]

1. e4 c5 2. Nf3 e6 3. d4 cxd4 4. Nxd4 a6 5. Nc3 Qc7 6. Bd3 Nf6 7. Qe2 d6 8. 0-0 Be7 9. Kh1 0-0 10. f4 Re8 11. e5 Nfd7 12. f5 Nxe5 13. fxe6 Bf6 14. Nd5 Qd8 15. Qh5 g6 16. exf7+ Nxf7 17. Bxg6 hxg6 18. Qxg6+ Bg7 19. Bh6 Nxh6 20. Nf6+ Kh8 21. Qh7# 1-0

[Event "Stockholm Elo op"]
[Site "Stockholm"]
[Date "2009.05.22"]
[Round "5"]
[White "Tikkanen, Hans"]
[Black "Wihlborn, Bengt"]
[Result "1-0"]
[WhiteElo "2434"]
[BlackElo "1939"]
[PlyCount "67"]
[EventDate "2009.05.20"]
[EventType "swiss"]
[EventRounds "9"]
[EventCountry "SWE"]
[SourceTitle "EXT 2012"]
[Source "ChessBase"]
[SourceDate "2011.11.24"]
[SourceVersion "1"]
[SourceVersionDate "2011.11.24"]
[SourceQuality "1"]

1. d4 Nf6 2. c4 c6 3. Nf3 d6 4. Nc3 Bg4 5. e3 e5 6. dxe5 Bxf3 7. gxf3 dxe5 8. Qxd8+ Kxd8 9. b3 Nbd7 10. Bb2 Kc7 11. 0-0-0 Be7 12. Bh3 Rad8 13. Ne2 Rhe8 14. Bc3 Bf8 15. Kc2 g6 16. Rd2 Ng8 17. Rhd1 f5 18. e4 Bh6 19. Rd6 Bf8 20. R6d3 Ngf6 21. exf5 g5 22. Ng3 Bg7 23. Ne4 Nxe4 24. fxe4 Bf6 25. Rd6 Kc8 26. Ba5 b6 27. Rxc6+ Kb7 28. Rcd6 Kc7 29. Bc3 Re7 30. c5 Rf8 31. cxb6+ axb6 32. b4 Rg7 33. Bf1 Rd8 34. Rxf6 1-0

[Event "Gothenburg Elo"]
[Site "Gothenburg"]
[Date "2008.08.09"]
[Round "8"]
[White "Holvason, Juri"]
[Black "Wihlborn, Bengt"]
[Result "1-0"]
[WhiteElo "2041"]
[BlackElo "1904"]
[PlyCount "63"]
[EventDate "2008.08.02"]
[EventType "tourn"]
[EventRounds "9"]
[EventCountry "SWE"]
[SourceTitle "CBM 125 Extra"]
[Source "ChessBase"]
[SourceDate "2008.09.01"]
[SourceVersion "1"]
[SourceVersionDate "2008.09.01"]
[SourceQuality "1"]

1. e4 c5 2. Nf3 e6 3. d4 cxd4 4. Nxd4 a6 5. Bd3 Qc7 6. 0-0 Nf6 7. Qe2 d6 8. c4 Be7 9. Nc3 0-0 10. Be3 Nc6 11. Nxc6 Qxc6 12. f4 Qc7 13. g4 Re8 14. g5 Nd7 15. Rf3 Rb8 16. Rh3 g6 17. Qf2 b6 18. Rf1 Bb7 19. Bd4 h5 20. gxh6 Kh7 21. f5 Rf8 22. fxg6+ fxg6 23. Qf7+ Rxf7 24. Rxf7+ Kg8 25. Rg7+ Kh8 26. Rxe7+ e5 27. Rf3 Qc8 28. Rff7 Nf8 29. Rxe5 Qg4+ 30. Kh1 Kg8 31. Ree7 Ne6 32. h7# 1-0

[Event "Gothenburg Elo"]
[Site "Gothenburg"]
[Date "2008.08.07"]
[Round "6"]
[White "Johansson, Robin1111"]
[Black "Wihlborn, Bengt"]
[Result "1-0"]
[WhiteElo "2047"]
[BlackElo "1904"]
[PlyCount "59"]
[EventDate "2008.08.02"]
[EventType "tourn"]
[EventRounds "9"]
[EventCountry "SWE"]
[SourceTitle "CBM 125 Extra"]
[Source "ChessBase"]
[SourceDate "2008.09.01"]
[SourceVersion "1"]
[SourceVersionDate "2008.09.01"]
[SourceQuality "1"]

1. d4 d6 2. e4 c6 3. Nf3 g6 4. c4 Bg7 5. Nc3 Bg4 6. Be3 Nd7 7. Be2 e5 8. 0-0 Qc7 9. Qd2 Ne7 10. Rad1 0-0 11. dxe5 dxe5 12. h3 Bxf3 13. Qxd7 Qxd7 14. Rxd7 Bxe2 15. Nxe2 Nc8 16. Bc5 Nb6 17. Rxb7 Rfd8 18. b3 Rd2 19. Nc1 Bh6 20. Bb4 Rc2 21. Nd3 Rxa2 22. c5 Nc8 23. Nxe5 a5 24. Bc3 Bg7 25. Rd1 Na7 26. Rdd7 Nb5 27. Rxf7 Bf8 28. Ng4 Nxc3 29. Nf6+ Kh8 30. Rxh7# 1-0